| 000 | 00838nam a22002177a 4500 | ||
|---|---|---|---|
| 005 | 20151016112003.0 | ||
| 010 | _aENG-113858 | ||
| 020 |
_a812375213x _c70.00 |
||
| 020 |
_a9788123752136 _c70.00 |
||
| 035 | _aEN-97390 | ||
| 037 | _bDBAD/PUB | ||
| 082 | _a954.035092 | ||
| 100 |
_aGandhi, Mahatma _d1869-1948. |
||
| 245 |
_aGandhi's India : _bunity in diversity / _cSelections prepared by the National Integration Sub-committee of the National Committee for Gandhi Centenary. |
||
| 260 |
_aNew Delhi _bNational Book Trust _c2015 |
||
| 270 |
_aNehru Bhawan,5,Institutional Area,Phase -II, _bNewDelhi _e110070 |
||
| 300 |
_axii,87p. _c21cm(pbk) |
||
| 600 |
_aGandhi, Mahatma _d1869-1948. |
||
| 710 |
_a National Committee for Gandhi Centenary. _bNational Integration Sub-committee. |
||
| 942 |
_2ddc _cEN _mGAN _h954.035092 |
||
| 999 |
_c95927 _d95927 |
||